| 000 | 00000nam##2200000za#4500 |
| 001 | 9.557719 |
| 003 | CaOODSP |
| 005 | 20210624172029 |
| 007 | cr ||||||||||| |
| 008 | 150406|1990||||xxc|||||o f|0| 0 eng|d |
| 040 | |aCaOODSP|beng |
| 043 | |an-cn--- |
| 086 | 1 |aNH18-22/90-238E-IN |
| 110 | 2 |aCanada Mortgage and Housing Corporation. |
| 245 | 14|aThe costs and benefits of installing fire sprinklers in houses |h[electronic resource] |
| 260 | |aOttawa - Ontario : |bCanada Mortgage and Housing Corporation |
| 300 | |a3p. (273 KB) |
| 490 | 1 |aResearch and development highlights; technical series |v90-238 |
| 590 | |a01-12|b2001-03-23 |
| 690 | 07|aHousehold equipment|2gcpds |
| 690 | 07|aHousing|2gcpds |
| 775 | 08|tCoûts et avantages de l'installation d'extincteurs à eau dans les maisons privées / |w(CaOODSP)9.607610 |
| 830 | #0|aResearch and development highlights; technical series ;|v90-238|w(CaOODSP)9.504481 |
| 856 | 40|ahttp://publications.gc.ca|qPDF|s273 KB|uhttps://publications.gc.ca/collections/Collection/NH18-22-90-238E.pdf|y90-238 |